| 000 | 00555nam a22001697a 4500 | ||
|---|---|---|---|
| 008 | 260701b mx o|||| |||| 001 0 spa d | ||
| 040 | _bspa | ||
| 082 | 0 | 4 |
_a972.45 _bH47 |
| 245 | _aEL HERALDO DE MÉXICO | ||
| 260 |
_aMÉXICO _bGOBIERNO DEL ESTADO DE QUERÉTARO |
||
| 300 |
_a251 _c23 cm x 17 cm |
||
| 336 |
_2rdacontent _atexto _btxt |
||
| 337 |
_2rdamedia _asin mediación _bn |
||
| 338 |
_2rdacarrier _avolumen _bnc |
||
| 650 |
_aGEOGRAFÍA E HISTORIA _vHISTORIA GENERAL DE AMÉRICA DEL NORTE _xMESOAMÉRICA (AMÉRICA MEDIA) MÉXICO |
||
| 942 |
_2ddc _cCOLQ |
||
| 999 |
_c68731 _d68731 |
||